| 000 | 00531nam a22001817a 4500 | ||
|---|---|---|---|
| 005 | 20241008142901.0 | ||
| 008 | 241003b |||||||| |||| 00| 0 eng d | ||
| 020 | _a978-81-203-4664-2 | ||
| 082 |
_a621.2 _bRAI-H |
||
| 100 | _aRaikar, R.V. | ||
| 245 |
_aHydraulics and Hydraulic Machines : _bLaboratory Manual / _cR.V.Raikar |
||
| 260 |
_aIndia : _bPHI Learning ; _c2012. |
||
| 300 |
_a216 p. : _bill ; _c24 cm. |
||
| 500 | _aInclude Index . | ||
| 650 | _aEngineering / Civil | ||
| 650 | _aEngineering /Mechanical | ||
| 999 |
_c36618 _d36618 |
||